000 00278nam a22001097a 4500
999 _c168117
_d168117
082 _a
_b
100 _aNashooram Rator
245 _aHindi ramkavya ke pathrom ka thulanatmak aadhyayan/
_cby Nashooram Rator.
260 _aMathura:
_bJawahar,
_c2007.
650 _a
942 _cBK